<?xml version="1.0" encoding="UTF-8"?>
<record
    xmlns:xsi="http://www.w3.org/2001/XMLSchema-instance"
    xsi:schemaLocation="http://www.loc.gov/MARC21/slim http://www.loc.gov/standards/marcxml/schema/MARC21slim.xsd"
    xmlns="http://www.loc.gov/MARC21/slim">

  <leader>00888nam a22002057a 4500</leader>
  <controlfield tag="005">20240726122951.0</controlfield>
  <datafield tag="010" ind1=" " ind2=" ">
    <subfield code="a">HIN-128004</subfield>
  </datafield>
  <datafield tag="020" ind1=" " ind2=" ">
    <subfield code="c">250.00</subfield>
    <subfield code="a">9789381984444</subfield>
  </datafield>
  <datafield tag="035" ind1=" " ind2=" ">
    <subfield code="a">HN-100350</subfield>
  </datafield>
  <datafield tag="037" ind1=" " ind2=" ">
    <subfield code="b">DBAD</subfield>
  </datafield>
  <datafield tag="082" ind1=" " ind2=" ">
    <subfield code="a">&#x909;</subfield>
  </datafield>
  <datafield tag="100" ind1=" " ind2=" ">
    <subfield code="a">&#x906;&#x936;&#x93E;&#x92A;&#x942;&#x930;&#x94D;&#x923;&#x93E; &#x926;&#x947;&#x935;&#x940; </subfield>
    <subfield code="9">68954</subfield>
  </datafield>
  <datafield tag="245" ind1=" " ind2=" ">
    <subfield code="a">&#x926;&#x94B;&#x932;&#x928;&#x93E;/</subfield>
    <subfield code="c">&#x906;&#x936;&#x93E;&#x92A;&#x942;&#x930;&#x94D;&#x923;&#x93E; &#x926;&#x947;&#x935;&#x940;; &#x92E;&#x92E;&#x924;&#x93E; &#x916;&#x930;&#x947; &#x926;&#x94D;&#x935;&#x93E;&#x930;&#x93E; &#x905;&#x928;&#x941;&#x935;&#x93E;&#x926;&#x93F;&#x924;</subfield>
  </datafield>
  <datafield tag="260" ind1=" " ind2=" ">
    <subfield code="a">&#x917;&#x93E;&#x91C;&#x93F;&#x92F;&#x93E;&#x92C;&#x93E;&#x926; (&#x909;.&#x92A;&#x94D;&#x930;.)</subfield>
    <subfield code="b">&#x935;&#x93F;&#x91C;&#x94D;&#x91E;&#x93E;&#x928; &#x936;&#x93F;&#x915;&#x94D;&#x937;&#x93E; &#x938;&#x902;&#x938;&#x94D;&#x925;&#x93E;&#x928;,</subfield>
    <subfield code="c">2021</subfield>
  </datafield>
  <datafield tag="270" ind1=" " ind2=" ">
    <subfield code="a">78, &#x92C;&#x94D;&#x932;&#x949;&#x915; &#x92C;&#x940;, &#x938;&#x942;&#x930;&#x94D;&#x92F;&#x928;&#x917;&#x930;</subfield>
    <subfield code="b">&#x917;&#x93E;&#x91C;&#x93F;&#x92F;&#x93E;&#x92C;&#x93E;&#x926; (&#x909;.&#x92A;&#x94D;&#x930;.)</subfield>
    <subfield code="e">201011</subfield>
  </datafield>
  <datafield tag="300" ind1=" " ind2=" ">
    <subfield code="a">99&#x92A;&#x943;.</subfield>
    <subfield code="c">22&#x938;&#x947;&#x92E;&#x940;. (&#x938;&#x91C;&#x93F;&#x932;&#x94D;&#x926;)</subfield>
  </datafield>
  <datafield tag="650" ind1=" " ind2=" ">
    <subfield code="a">&#x939;&#x93F;&#x928;&#x94D;&#x926;&#x940;  </subfield>
    <subfield code="9">68955</subfield>
  </datafield>
  <datafield tag="700" ind1=" " ind2=" ">
    <subfield code="a">&#x916;&#x930;&#x947;, &#x92E;&#x92E;&#x924;&#x93E; </subfield>
    <subfield code="9">68580</subfield>
  </datafield>
  <datafield tag="942" ind1=" " ind2=" ">
    <subfield code="2">ddc</subfield>
    <subfield code="c">HN</subfield>
    <subfield code="h">&#x909;</subfield>
    <subfield code="m">&#x906;&#x936;&#x93E;&#x92A;&#x942;</subfield>
  </datafield>
  <datafield tag="999" ind1=" " ind2=" ">
    <subfield code="c">204203</subfield>
    <subfield code="d">204203</subfield>
  </datafield>
  <datafield tag="952" ind1=" " ind2=" ">
    <subfield code="0">0</subfield>
    <subfield code="1">0</subfield>
    <subfield code="4">0</subfield>
    <subfield code="7">0</subfield>
    <subfield code="8">FIC</subfield>
    <subfield code="a">NPL</subfield>
    <subfield code="b">NPL</subfield>
    <subfield code="d">2024-07-19</subfield>
    <subfield code="e">DBAD</subfield>
    <subfield code="g">250.00</subfield>
    <subfield code="l">0</subfield>
    <subfield code="o">&#x909; &#x906;&#x936;&#x93E;&#x92A;&#x942;</subfield>
    <subfield code="p">HN-100350</subfield>
    <subfield code="r">2024-07-19 00:00:00</subfield>
    <subfield code="t">1</subfield>
    <subfield code="v">250.00</subfield>
    <subfield code="w">2024-07-19</subfield>
    <subfield code="y">HN</subfield>
  </datafield>
</record>
